[Event "Campeonato de Aragon por Equipos 2025 - "]
[Site "?"]
[Date "2025.02.15"]
[Round "4.55"]
[White "Alvarez Gonzalo, Miguel Angel"]
[Black "Palasi Mainar, Miguel Angel"]
[Result "1-0"]
[WhiteElo "1808"]
[BlackElo "1846"]
[PlyCount "89"]
[GameId "2147807436139728"]
[EventDate "2025.01.25"]
[WhiteTeam "MyInvestor Casablanca C"]
[BlackTeam "Agrupacion B"]

1. c4 Nf6 2. Nf3 g6 3. g3 Bg7 4. Bg2 O-O 5. Nc3 d6 6. d4 c6 7. e4 Nfd7 8. O-O e5 9. Bg5 Qb6 10. Na4 Qa5 11. d5 cxd5 12. cxd5 f6 13. Bd2 Qd8 14. Bb4 Qe7 15. Rc1 Bh6 16. Bd2 Bxd2 17. Qxd2 b5 18. Nc3 Ba6 19. b4 Nb6 20. Qh6 Qg7 21. Qxg7+ Kxg7 22. Nd2 N8d7 23. Nb3 Nc4 24. Rfe1 Ndb6 25. Bf1 Rac8 26. Na5 Nxa5 27. bxa5 Nc4 28. a4 bxa4 29. Nxa4 Rf7 30. Rb1 Rb7 31. Rxb7+ Bxb7 32. Rb1 Rc7 33. Rc1 Ba6 34. Nb2 Rc5 35. Nxc4 Bxc4 36. Rxc4 Rxa5 37. Rc6 Ra1 38. Rxd6 a5 39. Rd7+ Kg8 40. Kg2 a4 41. Ra7 a3 42. d6 Rd1 43. Bc4+ Kf8 44. Ra8+ Kg7 45. Bd5 1-0

[Event "Campeonato de Aragon por Equipos 2025 - "]
[Site "?"]
[Date "2025.02.15"]
[Round "4.56"]
[White "Muro Guerrero, Miguel"]
[Black "Cid Royo, Jonathan"]
[Result "1-0"]
[WhiteElo "2056"]
[BlackElo "2132"]
[PlyCount "55"]
[GameId "2147807436180689"]
[EventDate "2025.01.25"]
[WhiteTeam "Dr. Azua"]
[BlackTeam "L'Aurora Estadilla M64"]

1. e4 c5 2. Nf3 Nc6 3. d4 cxd4 4. Nxd4 Nf6 5. Nc3 e5 6. Ndb5 d6 7. Bg5 a6 8. Bxf6 gxf6 9. Na3 b5 10. Nd5 Bg7 11. c3 Ne7 12. Nc2 Nxd5 13. Qxd5 Be6 14. Qc6+ Ke7 15. Ne3 Qb8 16. Nf5+ Bxf5 17. exf5 Rc8 18. Qe4 b4 19. c4 b3 20. a3 Qb6 21. Bd3 Qa5+ 22. Ke2 Bh6 23. Rhd1 Rab8 24. Kf1 Rc5 25. Be2 Rd8 26. Qb7+ Rd7 27. Qxb3 e4 28. Qh3 1-0

[Event "Campeonato de Aragon por Equipos 2025 - "]
[Site "?"]
[Date "2025.02.15"]
[Round "4.57"]
[White "Pellicer Cerezuela, Miguel"]
[Black "Garcia Garcia, Enrique"]
[Result "1-0"]
[WhiteElo "2042"]
[BlackElo "1881"]
[PlyCount "67"]
[GameId "2147807436213458"]
[EventDate "2025.01.25"]
[WhiteTeam "L'Aurora Estadilla M64"]
[BlackTeam "Dr. Azua"]

1. d4 Nf6 2. Nf3 e6 3. e3 c5 4. Bd3 b6 5. O-O Bb7 6. Nbd2 cxd4 7. exd4 Be7 8. c3 d6 9. Qe2 O-O 10. Re1 Nbd7 11. a4 Re8 12. Ne4 Nxe4 13. Bxe4 Bxe4 14. Qxe4 d5 15. Qd3 Qc7 16. Ne5 Bd6 17. Nxd7 Qxd7 18. h4 Qd8 19. g3 Qf6 20. a5 h6 21. Kg2 Qf5 22. Qxf5 exf5 23. Rxe8+ Rxe8 24. axb6 axb6 25. Ra6 Re1 26. Be3 f6 27. Rxb6 Bxg3 28. Kxg3 g5 29. hxg5 fxg5 30. Rxh6 f4+ 31. Bxf4 gxf4+ 32. Kxf4 Re2 33. Rb6 Rxf2+ 34. Ke5 1-0

[Event "Campeonato de Aragon por Equipos 2025 - "]
[Site "?"]
[Date "2025.02.15"]
[Round "4.58"]
[White "Abenia Porroche, Roberto"]
[Black "Cid Royo, Oscar"]
[Result "0-1"]
[WhiteElo "1811"]
[BlackElo "2002"]
[PlyCount "60"]
[GameId "2147807436254419"]
[EventDate "2025.01.25"]
[WhiteTeam "Dr. Azua"]
[BlackTeam "L'Aurora Estadilla M64"]

1. Nf3 d5 2. d4 c6 3. g3 Nf6 4. Bg2 Bf5 5. O-O Qc8 6. Nbd2 Bh3 7. c3 h5 8. Ng5 Bxg2 9. Kxg2 h4 10. Rh1 h3+ 11. Kg1 Qf5 12. Ngf3 Nbd7 13. Nf1 e5 14. dxe5 Nxe5 15. Nxe5 Qxe5 16. Ne3 Bc5 17. Qd3 O-O-O 18. Qf5+ Qxf5 19. Nxf5 Rhe8 20. Be3 Bxe3 21. Nxe3 d4 22. cxd4 Rxd4 23. Kf1 Rd2 24. b3 Nd5 25. Nc4 Rexe2 26. Nxd2 Rxd2 27. Ke1 Rb2 28. a4 Nb4 29. Rd1 Nd5 30. Rf1 Nc3 0-1

[Event "Campeonato de Aragon por Equipos 2025 - "]
[Site "?"]
[Date "2025.02.15"]
[Round "4.59"]
[White "Ayensa Garcia, Miguel Angel"]
[Black "De Francisco Torres, Javier"]
[Result "1-0"]
[WhiteElo "1998"]
[BlackElo "1537"]
[PlyCount "27"]
[GameId "2147807436303572"]
[EventDate "2025.01.25"]
[WhiteTeam "L'Aurora Estadilla M64"]
[BlackTeam "Dr. Azua"]

1. c4 Nf6 2. Nc3 e6 3. e4 d5 4. e5 Nfd7 5. d4 Nb6 6. c5 Nc4 7. Bxc4 dxc4 8. Qa4+ Nc6 9. Nf3 Be7 10. O-O O-O 11. Qxc4 b6 12. cxb6 axb6 13. Qxc6 Bb4 14. Qxa8 1-0

[Event "Campeonato de Aragon por Equipos 2025 - "]
[Site "?"]
[Date "2025.02.15"]
[Round "4.60"]
[White "Romo Blasco, Adrian"]
[Black "Anson Casaos, Alejandro"]
[Result "0-1"]
[WhiteElo "1986"]
[BlackElo "1907"]
[PlyCount "88"]
[GameId "2147807436405973"]
[EventDate "2025.01.25"]
[WhiteTeam "Teruel B"]
[BlackTeam "Helios B"]

1. d4 Nf6 2. c4 e6 3. Nc3 Bb4 4. e3 O-O 5. Bd2 d5 6. Nf3 c5 7. a3 cxd4 8. axb4 dxc3 9. Bxc3 Ne4 10. Rc1 Nc6 11. Qc2 Nxc3 12. bxc3 dxc4 13. Bxc4 h6 14. h4 g6 15. Ba2 Qf6 16. Rh3 e5 17. Rg3 Be6 18. Bb1 Ne7 19. e4 Rac8 20. Ba2 Rfd8 21. Bxe6 Qxe6 22. h5 Kf8 23. Qe2 g5 24. Qe3 a6 25. Ng1 Ke8 26. Rf3 Rd6 27. Rd1 Rxd1+ 28. Kxd1 Rd8+ 29. Ke1 Nc8 30. Qc5 f6 31. c4 Rd4 32. Rc3 Qd7 33. f3 b6 34. Qd5 Rxd5 35. cxd5 Ne7 36. Ne2 a5 37. bxa5 bxa5 38. Kd2 f5 39. Nc1 fxe4 40. fxe4 Nc8 41. Nd3 Nd6 42. Nxe5 Qe7 43. Ng6 Qxe4 44. Re3 Nc4+ 0-1

[Event "Campeonato de Aragon por Equipos 2025 - "]
[Site "?"]
[Date "2025.02.15"]
[Round "4.61"]
[White "Gonzalez Azuara, Javier"]
[Black "Abancens Fernandez, Bernardo"]
[Result "0-1"]
[WhiteElo "1803"]
[BlackElo "1862"]
[PlyCount "102"]
[GameId "2147807436446934"]
[EventDate "2025.01.25"]
[WhiteTeam "Helios B"]
[BlackTeam "Teruel B"]

1. d4 d5 2. c4 dxc4 3. Nc3 a6 4. a4 Nc6 5. e3 Na5 6. Nf3 Bg4 7. Be2 e6 8. O-O c6 9. h3 Bh5 10. Ne4 Bg6 11. Nc3 Nb3 12. Ra2 b5 13. Ne5 Ne7 14. Bf3 Rc8 15. axb5 axb5 16. Ra6 Na5 17. Na2 Ra8 18. Nb4 Rxa6 19. Nxa6 Nd5 20. Bd2 Qc8 21. Bxa5 Qxa6 22. Bd2 Be7 23. Qa1 Qc8 24. Qa7 Bd6 25. Nxg6 hxg6 26. e4 Bb8 27. Qa3 Qc7 28. e5 Qa7 29. Qxa7 Bxa7 30. Ra1 Bb8 31. Ra8 Kd7 32. Be4 Kc7 33. Ra1 Kb7 34. Bxd5 exd5 35. f4 Ba7 36. Be3 Rc8 37. Rf1 f6 38. b3 Re8 39. Kf2 fxe5 40. dxe5 d4 41. Bc1 cxb3 42. Ke2 c5 43. Kd3 c4+ 44. Ke4 b4 45. Kd5 c3 46. Kd6 d3 47. Kd7 Rc8 48. e6 Rc7+ 49. Kd8 Bc5 50. f5 d2 51. g4 dxc1=Q 0-1

[Event "Campeonato de Aragon por Equipos 2025 - "]
[Site "?"]
[Date "2025.02.15"]
[Round "4.62"]
[White "Barcena Laguia, Francisco"]
[Black "Garcia Modrego, Victoria"]
[Result "1/2-1/2"]
[WhiteElo "1859"]
[BlackElo "1652"]
[PlyCount "88"]
[GameId "2147807436496087"]
[EventDate "2025.01.25"]
[WhiteTeam "Teruel B"]
[BlackTeam "Helios B"]

1. d4 d5 2. Bf4 Nf6 3. Nc3 e6 4. e3 c5 5. Nf3 Nc6 6. Nb5 Kd7 7. Nc7 Rb8 8. Bb5 Bd6 9. Ne5+ Ke7 10. Bxc6 Qxc7 11. Ba4 b5 12. b4 c4 13. c3 bxa4 14. Qxa4 Bd7 15. Qc2 Nh5 16. a4 Nxf4 17. exf4 Be8 18. O-O f6 19. Qd2 Kd8 20. Nf3 Bxf4 21. Qe2 Bf7 22. g3 Bd6 23. Rfd1 Kd7 24. Ne1 h5 25. h4 g5 26. hxg5 fxg5 27. Nf3 Rbg8 28. Ne5+ Bxe5 29. dxe5 h4 30. g4 Bg6 31. Qf3 Qxe5 32. Re1 Qd6 33. Qe3 h3 34. Qxa7+ Qc7 35. Qe3 h2+ 36. Kh1 Rf8 37. Qxe6+ Kd8 38. Qxg6 Rhg8 39. Qe6 d4 40. Qd5+ Kc8 41. cxd4 c3 42. Rac1 Kb8 43. Qb5+ Qb7+ 44. Qxb7+ Kxb7 1/2-1/2

[Event "Campeonato de Aragon por Equipos 2025 - "]
[Site "?"]
[Date "2025.02.15"]
[Round "4.63"]
[White "Sancho Casale, Jesus"]
[Black "Gracia Campo, Carlos Alberto"]
[Result "0-1"]
[WhiteElo "1923"]
[BlackElo "2011"]
[PlyCount "50"]
[GameId "2147807436541144"]
[EventDate "2025.01.25"]
[WhiteTeam "Tauste"]
[BlackTeam "El Olivar B"]

1. Nf3 Nf6 2. c4 g6 3. b4 Bg7 4. Bb2 O-O 5. g3 d6 6. Bg2 a5 7. b5 e5 8. O-O Nbd7 9. d3 Nc5 10. Nc3 Re8 11. Nd2 Bf5 12. Na4 Nfd7 13. Nxc5 Nxc5 14. a4 Qc8 15. Re1 Bh3 16. Bh1 f5 17. Nb3 f4 18. Nxc5 dxc5 19. Bg2 Rf8 20. e3 Bxg2 21. Kxg2 f3+ 22. Kh1 Qg4 23. Rg1 Rf5 24. Qf1 Rh5 25. Rd1 Rh3 0-1

[Event "Campeonato de Aragon por Equipos 2025 - "]
[Site "?"]
[Date "2025.02.15"]
[Round "4.64"]
[White "Veras Sanz, Marino"]
[Black "Muro Turon, Raul"]
[Result "1-0"]
[WhiteElo "2004"]
[BlackElo "1879"]
[PlyCount "53"]
[GameId "2147807436582105"]
[EventDate "2025.01.25"]
[WhiteTeam "El Olivar B"]
[BlackTeam "Tauste"]

1. Nf3 d5 2. g3 g6 3. Bg2 Bg7 4. d4 c6 5. O-O Nf6 6. c4 dxc4 7. Na3 Bf5 8. Nxc4 Nbd7 9. Ng5 Nb6 10. Ne5 O-O 11. e4 Bc8 12. Qb3 e6 13. Rd1 Qc7 14. Bf4 Qe7 15. a4 Nh5 16. a5 Nd7 17. Nxd7 Bxd7 18. Be3 h6 19. Nf3 Rab8 20. d5 cxd5 21. exd5 exd5 22. Bxa7 Be6 23. Bxb8 Rxb8 24. Nd4 Rc8 25. Nxe6 fxe6 26. Re1 Qd7 27. Rxe6 1-0

[Event "Campeonato de Aragon por Equipos 2025 - "]
[Site "?"]
[Date "2025.02.15"]
[Round "4.65"]
[White "San Lazaro Lorente, David"]
[Black "Jaso Escudero, Julen"]
[Result "1/2-1/2"]
[WhiteElo "1825"]
[BlackElo "1925"]
[PlyCount "53"]
[GameId "2147807436623066"]
[EventDate "2025.01.25"]
[WhiteTeam "Tauste"]
[BlackTeam "El Olivar B"]

1. d4 d5 2. Nf3 Nf6 3. e3 Bf5 4. c4 e6 5. Nc3 Be7 6. Qb3 b6 7. Qa4+ Qd7 8. Qxd7+ Nbxd7 9. cxd5 exd5 10. Bb5 O-O-O 11. Bd2 Kb7 12. Rc1 c6 13. Ba4 b5 14. Bc2 Ne4 15. Nxe4 dxe4 16. Ba5 Rde8 17. a3 g6 18. Nd2 Bd6 19. Bc3 Rhf8 20. h3 h5 21. b4 h4 22. Nb3 Nb6 23. Nc5+ Bxc5 24. dxc5 Nc4 25. Ra1 Ne5 26. Ke2 f6 27. Rhd1 1/2-1/2

[Event "Campeonato de Aragon por Equipos 2025 - "]
[Site "?"]
[Date "2025.02.15"]
[Round "4.66"]
[White "Vega Cieloszyk, Diego Piotr"]
[Black "Solanas Esteban, Hector"]
[Result "0-1"]
[WhiteElo "1731"]
[BlackElo "1793"]
[PlyCount "58"]
[GameId "2147807436668123"]
[EventDate "2025.01.25"]
[WhiteTeam "El Olivar B"]
[BlackTeam "Tauste"]

1. e4 e6 2. d4 d5 3. Nc3 Bb4 4. exd5 exd5 5. a3 Be7 6. g3 Nf6 7. Bg2 O-O 8. Nge2 Re8 9. O-O Bf5 10. b4 a5 11. b5 a4 12. Bf4 c6 13. bxc6 bxc6 14. Bxb8 Qxb8 15. Rb1 Qa7 16. Qc1 Bd6 17. Qb2 Qe7 18. Ra1 Reb8 19. Qa2 Nd7 20. Rfe1 Nb6 21. Nf4 Qf6 22. Ncxd5 Nxd5 23. Nxd5 cxd5 24. Bxd5 Ra7 25. Rad1 Re7 26. Rxe7 Qxe7 27. c4 Bg4 28. Rd2 Qe1+ 29. Kg2 Rb1 0-1

[Event "Campeonato de Aragon por Equipos 2025 - "]
[Site "?"]
[Date "2025.02.15"]
[Round "4.67"]
[White "Martinez Cebolla, Alberto"]
[Black "Malo Guillen, Jose Luis"]
[Result "0-1"]
[WhiteElo "2044"]
[BlackElo "2093"]
[PlyCount "81"]
[GameId "2147807436717276"]
[EventDate "2025.01.25"]
[WhiteTeam "Iberajedrez Mundo 64 C"]
[BlackTeam "Las Fuentes"]

1. e4 e5 2. Nf3 Nc6 3. d4 exd4 4. Nxd4 Bc5 5. Nb3 Bb6 6. Nc3 Nge7 7. Qe2 O-O 8. Be3 f5 9. f4 fxe4 10. O-O-O d5 11. Nxe4 Nf5 12. Bxb6 axb6 13. Qb5 Ne3 14. Rd3 Bf5 15. Rxe3 Bxe4 16. Bd3 Rxf4 17. Bxe4 Rxe4 18. Rxe4 dxe4 19. Qc4+ Kh8 20. Qxe4 Rxa2 21. Re1 Ra8 22. h4 h6 23. Kb1 Qd6 24. g4 Rf8 25. g5 Rf4 26. Qe8+ Kh7 27. Re6 Qd1+ 28. Nc1 hxg5 29. Qg6+ Kg8 30. Re8+ Rf8 31. Qe6+ Kh7 32. Rxf8 Qxc2+ 33. Kxc2 Nd4+ 34. Kc3 Nxe6 35. Re8 Nf4 36. hxg5 Kg6 37. Kd4 Kxg5 38. Re7 Kf6 39. Rxc7 Ne6+ 40. Ke4 Nxc7 41. Nd3 0-1

[Event "Campeonato de Aragon por Equipos 2025 - "]
[Site "?"]
[Date "2025.02.15"]
[Round "4.68"]
[White "Alonso Blasco, Jose Miguel"]
[Black "Lopez Micone, Nicolas"]
[Result "0-1"]
[WhiteElo "1938"]
[BlackElo "1825"]
[PlyCount "103"]
[GameId "2147807436754141"]
[EventDate "2025.01.25"]
[WhiteTeam "Las Fuentes"]
[BlackTeam "Iberajedrez Mundo 64 C"]

1. e4 c5 2. Nf3 d6 3. Bb5+ Bd7 4. Bxd7+ Qxd7 5. O-O Nc6 6. c3 Nf6 7. Re1 Qg4 8. d3 g6 9. Qb3 Qd7 10. d4 cxd4 11. cxd4 e6 12. d5 Nd8 13. dxe6 Nxe6 14. e5 Ng4 15. exd6 Bxd6 16. h3 Nf6 17. Bh6 Nh5 18. Qc3 Rg8 19. Na3 Qc7 20. Qb3 O-O-O 21. Be3 Nc5 22. Bxc5 Bxc5 23. Rac1 Kb8 24. Qb5 Rd5 25. Qc4 Rgd8 26. b4 Bb6 27. Qe2 Qd6 28. Nc2 Nf4 29. Qf1 Nd3 30. Ne3 Bxe3 31. fxe3 Nxc1 32. Rxc1 Qxb4 33. Nd4 Qa3 34. Qf4+ Ka8 35. Qc7 Qxe3+ 36. Kh1 a6 37. Rb1 Rb8 38. Nc6 Rdd8 39. Rxb7 Rd1+ 40. Kh2 Qg1+ 41. Kg3 Rd3+ 42. Kh4 Qf2+ 43. Kg5 h6+ 44. Kxh6 Qh4+ 45. Kg7 Qh8+ 46. Kxf7 Qg8+ 47. Kf6 Rf8+ 48. Kg5 Qd5+ 49. Kh6 Qh5+ 50. Kg7 Qh8+ 51. Kxg6 Qf6+ 52. Kh7 0-1

[Event "Campeonato de Aragon por Equipos 2025 - "]
[Site "?"]
[Date "2025.02.15"]
[Round "4.69"]
[White "Martinez Sanz, Pablo"]
[Black "Mombiela De Sus, Jose Luis"]
[Result "1/2-1/2"]
[WhiteElo "1784"]
[BlackElo "1918"]
[PlyCount "62"]
[GameId "2147807436860638"]
[EventDate "2025.01.25"]
[WhiteTeam "Iberajedrez Mundo 64 C"]
[BlackTeam "Las Fuentes"]

1. c4 f5 2. d4 Nf6 3. Nf3 e6 4. g3 Bb4+ 5. Bd2 Bxd2+ 6. Nbxd2 Qe7 7. Qc2 Nc6 8. Bh3 a6 9. a3 b5 10. b3 Bb7 11. O-O O-O 12. Rfe1 Qf7 13. Bg2 Qh5 14. Qd3 Ne7 15. e3 Bc6 16. Qe2 bxc4 17. bxc4 Rab8 18. Rab1 Ne4 19. Qd3 d6 20. Nb3 g5 21. Na5 Ba8 22. Nd2 Rxb1 23. Rxb1 Nxf2 24. Kxf2 Qxh2 25. d5 f4 26. exf4 exd5 27. Rh1 Qxg2+ 28. Kxg2 dxc4+ 29. Qf3 Bxf3+ 30. Nxf3 gxf4 31. Nxc4 Rf5 1/2-1/2

[Event "Campeonato de Aragon por Equipos 2025 - "]
[Site "?"]
[Date "2025.02.15"]
[Round "4.70"]
[White "Javierre Conesa, Alfonso"]
[Black "Lopez Micone, Ezequiel"]
[Result "1/2-1/2"]
[WhiteElo "1885"]
[BlackElo "1731"]
[PlyCount "61"]
[GameId "2147807436901599"]
[EventDate "2025.01.25"]
[WhiteTeam "Las Fuentes"]
[BlackTeam "Iberajedrez Mundo 64 C"]

1. d4 Nf6 2. Nf3 e6 3. g3 b6 4. Bg2 Bb7 5. O-O Be7 6. b3 d5 7. Bb2 O-O 8. Nbd2 c5 9. e3 Nbd7 10. c4 Re8 11. Qe2 a5 12. Rfd1 a4 13. Ne5 cxd4 14. exd4 Nxe5 15. dxe5 Nd7 16. Bc3 axb3 17. axb3 Qc7 18. Bd4 Bc5 19. Bxc5 bxc5 20. f4 Nb6 21. Qf3 h6 22. h3 Ra6 23. Rxa6 Bxa6 24. Ra1 Ra8 25. Qd3 Bb7 26. Rxa8+ Bxa8 27. Qc2 Qa7 28. Kh2 dxc4 29. Nxc4 Nxc4 30. Qxc4 Bxg2 31. Kxg2 1/2-1/2

[Event "Campeonato de Aragon por Equipos 2025 - "]
[Site "?"]
[Date "2025.02.22"]
[Round "5.1"]
[White "Adla, Diego"]
[Black "Del Rey, Diego"]
[Result "1-0"]
[WhiteElo "2390"]
[BlackElo "2275"]
[PlyCount "89"]
[GameId "2148900718223732"]
[EventDate "2025.01.25"]
[WhiteTeam "MyInvestor Casablanca A"]
[BlackTeam "El Olivar"]

1. e4 e5 2. Nc3 Bb4 3. Qg4 Kf8 4. Qg3 Nc6 5. Bc4 Nd4 6. Bb3 Nxb3 7. axb3 d6 8. Nge2 h5 9. h3 h4 10. Qh2 Be6 11. d4 Nf6 12. dxe5 Nxe4 13. O-O Nxc3 14. bxc3 Bc5 15. Rd1 Kg8 16. exd6 cxd6 17. Ba3 Qe7 18. Nd4 Rh6 19. Qf4 a6 20. Bxc5 dxc5 21. Nf3 Rd8 22. Rxd8+ Qxd8 23. Re1 Rh5 24. c4 b5 25. cxb5 axb5 26. Kh2 Rf5 27. Qe4 Qd5 28. Qe2 b4 29. Rd1 Qa8 30. Nxh4 Rf4 31. Nf3 c4 32. Ng5 cxb3 33. cxb3 Bxb3 34. Qd3 g6 35. Qxb3 Rxf2 36. Nf3 Qb8+ 37. Kh1 Qf4 38. Qd3 Qg3 39. Rg1 Kh7 40. Qd5 f5 41. Qd7+ Kh6 42. Qb7 g5 43. Qc6+ Kh5 44. Qe8+ Kh6 45. Ne5 1-0

[Event "Campeonato de Aragon por Equipos 2025 - "]
[Site "?"]
[Date "2025.02.22"]
[Round "5.2"]
[White "Galstyan, David"]
[Black "Glavina, Pablo"]
[Result "1/2-1/2"]
[WhiteElo "2279"]
[BlackElo "2359"]
[PlyCount "92"]
[GameId "2148900718272885"]
[EventDate "2025.01.25"]
[WhiteTeam "El Olivar"]
[BlackTeam "MyInvestor Casablanca A"]

1. e4 e5 2. Nf3 Nc6 3. Nc3 Nf6 4. Bb5 Bd6 5. d3 O-O 6. O-O h6 7. a3 Re8 8. Be3 Bf8 9. Bc4 d6 10. h3 Ne7 11. Nh2 d5 12. exd5 Nexd5 13. Nxd5 Nxd5 14. Qh5 Be6 15. Ng4 Nf6 16. Nxf6+ Qxf6 17. Bxe6 Rxe6 18. Qg4 e4 19. d4 Qe7 20. Rfe1 Rd8 21. Rad1 b5 22. d5 Re5 23. Bxh6 f5 24. Qg3 Rexd5 25. Rxd5 Rxd5 26. Bg5 Qd7 27. Qb3 Kh7 28. c4 bxc4 29. Qxc4 Bc5 30. Qe2 Rd3 31. Qh5+ Kg8 32. Be3 Bxe3 33. Rxe3 c5 34. g4 Rxe3 35. fxe3 Qd1+ 36. Kg2 Qd2+ 37. Kh1 Qc1+ 38. Kg2 Qxb2+ 39. Kh1 Qa1+ 40. Kg2 Qb2+ 41. Kh1 Qb1+ 42. Kg2 Qa2+ 43. Kg3 Qf7 44. Qg5 g6 45. gxf5 Qxf5 46. Qd8+ Kg7 1/2-1/2

[Event "Campeonato de Aragon por Equipos 2025 - "]
[Site "?"]
[Date "2025.02.22"]
[Round "5.3"]
[White "Vela Frago, Alberto"]
[Black "Miranda Herrera, Miguel"]
[Result "1-0"]
[WhiteElo "2256"]
[BlackElo "2160"]
[PlyCount "89"]
[GameId "2148900718313846"]
[EventDate "2025.01.25"]
[WhiteTeam "MyInvestor Casablanca A"]
[BlackTeam "El Olivar"]

1. Nf3 c5 2. c4 Nc6 3. Nc3 e5 4. e3 Nf6 5. d4 cxd4 6. exd4 exd4 7. Nxd4 Bb4 8. Be2 d5 9. O-O dxc4 10. Nxc6 Qxd1 11. Rxd1 bxc6 12. Bxc4 O-O 13. Bd2 Bg4 14. f3 Bf5 15. Na4 Rab8 16. Rac1 Bxd2 17. Rxd2 Rfd8 18. Rcd1 Rxd2 19. Rxd2 Kf8 20. g4 Bc8 21. Rd6 Bd7 22. Nc5 Ke7 23. Rd2 Be8 24. Kf2 Nd5 25. Bxd5 cxd5 26. Nb3 Kd6 27. Nd4 Bd7 28. h4 h5 29. g5 f6 30. gxf6 gxf6 31. Ne2 Be6 32. Ke3 Rg8 33. Rd4 Rg2 34. Ra4 Bd7 35. Ra6+ Kc5 36. Rxa7 Bb5 37. Nd4 f5 38. b4+ Kxb4 39. Rb7 Rxa2 40. Nxb5 Kc5 41. Nd4 Ra3+ 42. Rb3 Rxb3+ 43. Nxb3+ Kc4 44. Na5+ Kb4 45. Kd4 1-0

[Event "Campeonato de Aragon por Equipos 2025 - "]
[Site "?"]
[Date "2025.02.22"]
[Round "5.4"]
[White "Munoz Valles, Jorge"]
[Black "Chueca Lorente, Javier"]
[Result "0-1"]
[WhiteElo "2077"]
[BlackElo "2180"]
[PlyCount "52"]
[GameId "2148900718354807"]
[EventDate "2025.01.25"]
[WhiteTeam "El Olivar"]
[BlackTeam "MyInvestor Casablanca A"]

1. e4 c5 2. Nf3 g6 3. d4 cxd4 4. Nxd4 Bg7 5. Be3 Nc6 6. c4 Nf6 7. Nc3 d6 8. Be2 O-O 9. Qd2 Bd7 10. f3 Nxd4 11. Bxd4 a5 12. a4 Bc6 13. Rd1 Nd7 14. Bxg7 Kxg7 15. h4 h5 16. g4 hxg4 17. h5 gxf3 18. hxg6 Rh8 19. Kf2 Qb6+ 20. Kxf3 fxg6 21. Kg2 Raf8 22. Bd3 Ne5 23. Rxh8 Rxh8 24. Qg5 Rh2+ 25. Kxh2 Nf3+ 26. Kh1 Nxg5 0-1

[Event "Campeonato de Aragon por Equipos 2025 - "]
[Site "?"]
[Date "2025.02.22"]
[Round "5.5"]
[White "Ruiz Fernandez, Daniel"]
[Black "Torcal Miguel, Oscar"]
[Result "1-0"]
[WhiteElo "2165"]
[BlackElo "2115"]
[PlyCount "33"]
[GameId "2148900718391672"]
[EventDate "2025.01.25"]
[WhiteTeam "MyInvestor Casablanca B"]
[BlackTeam "Helios"]

1. e4 c5 2. Nf3 Nc6 3. d4 cxd4 4. Nxd4 Nf6 5. Nc3 g6 6. Nxc6 bxc6 7. e5 Ng8 8. Bc4 Bg7 9. Qf3 f5 10. Bf4 Qa5 11. O-O-O Ba6 12. Rxd7 Qc5 13. Bxa6 Kxd7 14. Rd1+ Ke8 15. Na4 Qb4 16. Qxc6+ Kf7 17. Bc4+ 1-0

[Event "Campeonato de Aragon por Equipos 2025 - "]
[Site "?"]
[Date "2025.02.22"]
[Round "5.6"]
[White "Cerrajeria Ruiz, Jesus Maria"]
[Black "Conon, Catalin"]
[Result "1/2-1/2"]
[WhiteElo "2072"]
[BlackElo "2072"]
[PlyCount "123"]
[GameId "2148900718428537"]
[EventDate "2025.01.25"]
[WhiteTeam "Helios"]
[BlackTeam "MyInvestor Casablanca B"]

1. Nf3 d5 2. c4 e6 3. g3 Nf6 4. Bg2 Be7 5. O-O O-O 6. Nc3 d4 7. Nb1 c5 8. b4 cxb4 9. d3 Nc6 10. a3 e5 11. axb4 Bxb4 12. Qa4 Re8 13. Ng5 Qe7 14. Ba3 Bxa3 15. Qxa3 Qc7 16. Nd2 Bg4 17. Rfe1 a5 18. h3 Bh5 19. g4 Bg6 20. Reb1 h6 21. Nge4 Nxe4 22. Bxe4 Bxe4 23. Nxe4 Nb4 24. Qa4 b6 25. Qb5 Rab8 26. Rc1 Qc6 27. Qxc6 Nxc6 28. Rcb1 Nb4 29. c5 bxc5 30. Rxa5 Nd5 31. Rxb8 Rxb8 32. Rxc5 Nf4 33. Ng3 f6 34. Rc7 Nxh3+ 35. Kg2 Nf4+ 36. Kf3 Rf8 37. Ke4 Rf7 38. Rxf7 Kxf7 39. e3 Ne6 40. Nf5 Nc5+ 41. Kf3 Nxd3 42. exd4 g6 43. Nd6+ Ke6 44. Nb5 exd4 45. Nxd4+ Kd5 46. Nb5 Ke5 47. Na3 f5 48. Nc4+ Kf6 49. gxf5 Kxf5 50. Nd6+ Ke6 51. Ne8 h5 52. Ke3 Nc5 53. Kf4 Nd3+ 54. Kg5 Nxf2 55. Ng7+ Kf7 56. Nxh5 Ne4+ 57. Kf4 Nd6 58. Kg4 Ne4 59. Nf4 g5 60. Kf5 gxf4 61. Kxe4 f3 62. Kxf3 1/2-1/2

[Event "Campeonato de Aragon por Equipos 2025 - "]
[Site "?"]
[Date "2025.02.22"]
[Round "5.7"]
[White "Felipo Martinez, Marcos"]
[Black "Carraminana Lopez, Luis Antonio"]
[Result "1-0"]
[WhiteElo "2010"]
[BlackElo "1929"]
[PlyCount "55"]
[GameId "2148900718465402"]
[EventDate "2025.01.25"]
[WhiteTeam "MyInvestor Casablanca B"]
[BlackTeam "Helios"]

1. c4 e6 2. Nf3 d5 3. d4 Nf6 4. g3 Be7 5. Bg2 dxc4 6. Qa4+ Nbd7 7. Qxc4 a6 8. Qc2 Rb8 9. O-O b5 10. Bf4 Nd5 11. Ne5 Nxe5 12. Bxe5 f6 13. Bxd5 Qxd5 14. Bxc7 Ra8 15. e4 Qd7 16. Bb6 Bb7 17. Nd2 O-O 18. Rac1 Rac8 19. Qb3 f5 20. Rxc8 Rxc8 21. f3 Rc6 22. Ba5 Qxd4+ 23. Kh1 b4 24. Rd1 Rc8 25. Qxe6+ Kh8 26. Qxe7 Ba8 27. Bxb4 fxe4 28. Bc3 1-0

[Event "Campeonato de Aragon por Equipos 2025 - "]
[Site "?"]
[Date "2025.02.22"]
[Round "5.8"]
[White "Moreno Burillo, Maria"]
[Black "Jaime Galeano, Alcher"]
[Result "0-1"]
[WhiteElo "1868"]
[BlackElo "1967"]
[PlyCount "80"]
[GameId "2148900718502267"]
[EventDate "2025.01.25"]
[WhiteTeam "Helios"]
[BlackTeam "MyInvestor Casablanca B"]

1. e4 e5 2. Nf3 Nc6 3. Bc4 Nf6 4. d3 Bc5 5. c3 a5 6. a4 d6 7. h3 h6 8. Nbd2 Bb6 9. Nf1 Be6 10. Bxe6 fxe6 11. Ng3 O-O 12. O-O d5 13. exd5 exd5 14. Re1 Qd6 15. Nf5 Qd7 16. N3h4 Kh7 17. Ng3 Bxf2+ 18. Kxf2 Ne4+ 19. Kg1 Nxg3 20. Kh2 Nf5 21. Qg4 Qe6 22. Rf1 Nfd4 23. Rxf8 Rxf8 24. cxd4 Qf6 25. Nf3 exd4 26. Bd2 Qd6+ 27. Kg1 Qc5 28. Rc1 Qb6 29. Qg3 Qxb2 30. Qxc7 Rxf3 31. gxf3 Qxd2 32. Rf1 Qxd3 33. Qxb7 Qe3+ 34. Kg2 Ne5 35. Qb1+ Ng6 36. Re1 Qd2+ 37. Kf1 d3 38. Qd1 Qc3 39. Re3 Nf4 40. Kg1 Qc2 0-1

[Event "Campeonato de Aragon por Equipos 2025 - "]
[Site "?"]
[Date "2025.02.22"]
[Round "5.9"]
[White "Ciriano Lamban, Alejandro"]
[Black "Antoli Royo, Joaquin Miguel"]
[Result "0-1"]
[WhiteElo "2014"]
[BlackElo "2411"]
[PlyCount "46"]
[GameId "2148900718584188"]
[EventDate "2025.01.25"]
[WhiteTeam "Marcos Frechin B"]
[BlackTeam "Jaime Casas"]

1. d4 Nf6 2. Bf4 c5 3. e3 g6 4. c3 Bg7 5. Nf3 b6 6. Be2 O-O 7. O-O d6 8. h3 Bb7 9. Nbd2 Nbd7 10. a4 a6 11. Bh2 Rc8 12. Re1 Rc7 13. Bc4 Bh6 14. Qe2 Qa8 15. Ba2 Rfc8 16. Bf4 Bxf4 17. exf4 e6 18. Ng5 Re8 19. Ndf3 h6 20. Bxe6 fxe6 21. Qd3 Nf8 22. Nxe6 Be4 23. Rxe4 Qxe4 0-1